LEADER 01153nam--2200361---450 001 990000437750203316 005 20201124103845.0 010 $a88-420-2871-1 035 $a0043775 035 $aUSA010043775 035 $a(ALEPH)000043775USA01 035 $a0043775 100 $a20010510d1987----km-y0itay0103----ba 101 $aita 102 $aIT 105 $a||||||||001yy 200 1 $a<> Francia rivoluzionaria$ela repubblica giacobina, 1792-1794$fMarc Bouloiseau 210 $aRoma$cLaterza$d1987 215 $a347 p.$d21 cm 225 2 $aBiblioteca universale Laterza$v201 312 $aNouvelle histoire de le France contemporaine 2. 410 $12001$aBiblioteca universale Laterza$v201 454 $12001$aNouvelle histoire de le France contemporaine 2.$923526 606 0 $aRivoluzione francese$z1792-1794 676 $a944.043 700 1$aBOULOISEAU,$bMarc$0133853 801 0$aIT$bsalbc$gISBD 912 $a990000437750203316 951 $aX.2.B. 119(VARIE COLL. 552/201)$b128388 L.M.$cVARIE COLL. 959 $aBK 969 $aUMA 996 $aNouvelle histoire de le France contemporaine 2$923526 997 $aUNISA LEADER 01551nam 2200445 450 001 9910693895703321 005 20221106111616.0 035 $a(CKB)3450000000002464 035 $a(NjHacI)993450000000002464 035 $a(OCoLC)54840825 035 9 $aocm54840825 035 $a(OCoLC)993450000000002464 035 $a(EXLCZ)993450000000002464 100 $a20221106d2002 uy 0 101 0 $aeng 135 $aur||||||||||| 181 $ctxt$2rdacontent 182 $cc$2rdamedia 183 $acr$2rdacarrier 200 14$aThe autopsy as an outcome and performance measure /$fKaveh G. Shojania 210 1$aRockville, Maryland :$cAgency for Healthcare Research and Quality (US),$d[2002] 210 4$dİ2002 215 $a1 online resource (ix, 208 pages) $cillustrations 225 1 $aEvidence Report/Technology Assessment ;$vNumber 58 300 $aTitle from title screen (viewed on Mar. 30, 2004). 320 $aIncludes bibliographical references. 410 0$aEvidence report/technology assessment ;$vNumber 58. 606 $aAutopsy 615 0$aAutopsy. 676 $a616.07 700 $aShojania$b Kaveh G. 701 $aShojania$b Kaveh G$01351909 712 02$aUnited States.$bAgency for Healthcare Research and Quality. 712 02$aUniversity of California, San Francisco-Stanford Evidence-Based Practice Center. 801 0$bNjHacI 801 1$bNjHacl 906 $aBOOK 912 $a9910693895703321 996 $aThe autopsy as an outcome and performance measure$93140375 997 $aUNINA